000 00622nam a2200205 i 4500
001 57204
003 ES-MaACL
007 t|
008 031015s1954 sp ||||1| spa d
100 1 _aFallada, Hans.
_948760
245 1 0 _aDemasiado íntimo /
_cHans Fallada ; [traducción del alemán por Rafael Olivar].
260 _aBarcelona :
_bPlaneta,
_c1954 (
_fPulcra)
300 _a316 p. ;
_c20 cm.
490 1 _aGoliat ;
_v86
500 _aEl traductor tomado al v. de la port.
700 1 _aOlivar, Rafael.
_986760
830 0 _aGoliat ;
_v86
_9181396
852 _aES-MaACL
_jC-8814
_bR.36390
999 _c57204
_d57204